Statistics for London Overground line names

Click here to take the quiz!

General Stats

  • This quiz has been taken 43 times
  • The average score is 5 of 6

Answer Stats

RouteAnswer% Correct
Euston-Watford JunctionLioness
97%
Gospel Oak-Barking RiversideSuffragette
90%
Highbury & Islington-Clapham Junction/
New Cross/Crystal Palace/West Croydon
Windrush
81%
Romford-UpminsterLiberty
71%
Liverpool Street-Chingford/Enfield Town/
Cheshunt
Weaver
68%
Stratford-Richmond/Clapham JunctionMildmay
58%

Score Distribution

Percentile by Number Answered

Percent of People with Each Score

Your Score History

You have not taken this quiz